000 00633nam a2200169 a 4500
008 120416s1989 ||||||||||||||||| || u
020 _a0442318472
050 _aRA 967 Kle
100 _aKlein, Burton R
245 1 0 _aHealth care facility planning and construction
260 _aNew York:
_bVan Nostrand Reinhold
_c1989
300 _axv, 264p. : ill.
350 _a0.00
650 _aFACILITY DESIGN AND CONSTRUCTION
650 _aHEALTH FACILITIES--DESIGN AND CONSTRUCTION
995 _D0.00
_FCBU-MAIN LIBRARY (Kitwe)
_H1
_I29.50
_UAVAILABLE
_ZMain Library Open Access Collection
999 _c45414
_d45414